Score 0/100 Timer 17:00
1 Play Today
Question Answer Wrong Answers
Which of following movies/mini-series is not based on Stephen King's books? Amityville Horror
84.6%
It
4%
The Shining
2.9%
Carrie
4.5%
What is the name of main protagonist in A Nightmare on Elm Street franchise? Nancy Thompson
81.1%
Kristen Parker
4.8%
Alice Johnson
4.6%
Sidney Prescott
6.9%
Ash Williams is the main protagonist from which horror franchise? Evil Dead
75.6%
Friday the 13th
2.1%
When a Stranger Calls
4.8%
The Texas Chainsaw Massacre
6%
What is the name of charcter which was played by Jamie Lee Curtis in Halloween 1, 2, 7 and 8? Laurie Strode
74.2%
Jamie Lloyd
7.2%
Annie Bracket
3.9%
Alice Hardy
4.1%
What is the name of the main protagonist from Alien franchise, portrayed by Sigourney Weaver? Ellen Ripley
73.4%
Megan Ripley
10.2%
Clarice Starling
2.9%
Sarah Connor
5%
What is Michel Myers signature weapon? Kitchen knife
73.2%
Machete
10.4%
Hook
0.8%
Bowie knife
2.9%
What kind of monster is Pumpkinhead? Vengeance demon
64%
Werewolf
1.5%
Zombie
4.4%
Two men masked like monster
6.4%
What is the last archetype of character that could survive in The Cabin in the Woods? virgin
59%
fool
6.8%
athleate
3.7%
scholar
4.5%
What is the name of child, which is presumed to be a devil's son in The Omen? Damien Thorn
58.5%
Angela Baker
1.3%
Dylan Porter
3.7%
Reggie Pearson
1.7%
Who is the leader of The Losers Club in IT mini-series? Bill Denbrough
56.5%
Tommy Jarvis
9.9%
Eddie Kaspbrak
10.4%
Ben Hanscom
10.2%
Who portrayed Freddy Krueger in all of the original A Nightmare on Elm Street movies? Robert Englund
55.3%
Jackie Earle Haley
1.7%
Jack Nicholson
1.9%
Nick Castle
2.7%
Scary Movie is NOT the parody of... Final Destination
53.9%
Scream
8.2%
I Know What You Did Last Summer
4.7%
The Blair Witch Project
21.6%
The original Halloween mask was based on... William Shatner's face
52.5%
George Takei's face
3%
Leonard Nimoy's face
4.7%
Nick Castle's face
3.8%
What is the name of beings from Hellraiser franchise? Cenobites
52.4%
Xenomorphs
7.4%
Chatterers
4.3%
They don't have any name.
9.7%
What is Leatherface's signature weapon? Chainsaw
51.9%
Machete
2.3%
Kitchen knife
0.9%
Hook
1.3%
Who is the survivor of original The Texas Chainsaw Massacre movie? Sally Hardesty
51%
Chris Higgins
5.5%
Erin Biel
12.1%
Vanita 'Stretch' Brock
4.1%
What is the name of the book from Evil Dead franchise? Necronomicon
51%
Klaatu
5.7%
Verata
4.2%
Kandarian Book
5.7%
Barry Cox, Helen Shivers, Ray Bronson are the protagonists from which movie? I Know What You Did Last Summer
49.5%
Scream
9.4%
My Bloody Valentine
16.8%
The Mist
14.5%
Which character from Saw franchise was portrayed by Shawnee Smith? Amanda Young
49.2%
Jill Tuck
10.9%
Alison Kerry
10.2%
Tatum Riley
11.5%
In Child's Play franchise who is Chucky's archenemy? Andy Barclay
48.9%
Nica Pierce
2.8%
Sarah Palmer
7.2%
Tommy Doyle
17.7%
Who is Dracula's archenemy? Professor Abraham Van Helsing
48.7%
Dr. Samuel Loomis
1.7%
Count Orlok
4.7%
Bela Lugosi
2.5%
Who portrayed R. J. MacReady in John Carpenter's Thing? Kurt Russell
48.4%
Bruce Campbell
6%
Thom Mathews
4.6%
Quentin Tarantino
3.7%
Jebediah Morningside (Tall Man) is the main antagonist in which horror franchise? Phantasm
47.5%
Re-Animator
8.6%
Silent Night, Deadly Night
10.1%
Haunting
8.5%
In House of Wax, the main antagonist, prof. Henry Jarrod was the most opsesed with... Marie Antoinette
47.5%
Joan of Arc
15.1%
Abraham Lincoln
7.6%
Queen Victoria
9.5%
What is the name of town in A Nightmare on Elm Street? Sprigwood
46.6%
Georgetown
6.7%
Haddonfield
9.3%
Woodsboro
12.9%
Who is the killer in Friday the 13th (1980)? Pamela Voorhees
46.1%
Jason Voorhees
17.3%
Freddy Krueger
2.7%
Michael Myers
2.3%
Who portrayed Candyman? Tony Todd
45.9%
Ken Foree
6.7%
Ving Rhames
8.4%
Duane Jones
13.9%
Which of following movies doesn't exist? Bride of Candyman
45.4%
Bride of Frankenstein
0.7%
Bride of Re-Animator
10.6%
Bride of Chucky
0.8%
Which one of following crossovers doesn't exist? Chucky vs. Annabelle
44.7%
Freddy vs. Jason
0.6%
Sadako vs. Kayako
8.6%
Alien vs. Predator
0.6%
What is the nickname of killer in The Silence of the Lambs? Buffalo Bill
42.6%
Tooth Fairy
2.4%
Grim Sleeper
2.1%
Green River Killer
2.2%
How many Friday the 13th movies are there by now? (September, 2017) 12
41.8%
11
19.4%
10
15.3%
13
18.6%
In which of following horror movies Zach Galligan doesn't appear? Army of Darkness
41.7%
Gremlins
7%
Waxwork
22.4%
Gremlins 2: The New Batch
10.2%
Bobby Carter, Doug Wood, Ruby, Brenda Carter are survivors of wchich horror movie? The Hills Have Eyes
41.4%
Prom Night
18.5%
Poltergeist
12.6%
Children of the Corn
12.8%
Who is the main antagonist in The Hitcher movies John Ryder
40.9%
George Meeks
13.5%
Mickey Altier
9.9%
Michael Myers
3.1%
How Ash Williams calls his shotgun? Boomstick
40.5%
Firearm
3.4%
Fire rifle
3.3%
Boompipe
8%
Who directed The Last House on the Left? Wes Craven
40.2%
John Carpenter
10.5%
Sam Raimi
8.4%
Dario Argento
6.2%
Which of the following things did Alice use to defeat Freddy in A Nightmare on Elm Street 4: The Dream Master Mirror
39.8%
Crucifix
12.3%
Holy Water
10.9%
Rifle
4.1%
Who portrayed Nancy's boyfriend, Glen Lantz, in original A Nightmare on Elm Street movie? Johnny Depp
39.7%
Brad Pitt
2.4%
Mark Patton
3.9%
Jsu Garcia
1.2%
What is the name of Norman Bates' mother in Psycho? Norma
38.8%
Lila
2.4%
Marion
6%
Claudia
3.7%
Which of following characters has the most appearances in Final Destination franchise? Clear Rivers
38.4%
Alex Browning
19.6%
Kimberly Corman
12.5%
Wendy Christensen
12.2%
What is the name of the first movie about Dr. Hannibal Lecter? Manhunter
37.3%
The Silence of the Lambs
43.8%
Red Dragon
7.5%
Hannibal
5.5%
Ed Warren is character from... Conjuring
37.2%
Black Swan
2.2%
Cabin in the Woods
5.9%
28 Days Later
6.3%
Two main protagonists in Night of Living Dead and its remake are... Barbara Blair & Ben
35.1%
Judy & Tom
14%
Harry and Helen Cooper
11.9%
Francine and Peter
7.7%
Who is the main antagonist in Prom Night 2 & 3? Mary Lou Maloney
34.7%
Alex Hammond
10.2%
Carrie White
10.9%
Bill Nordham
9.6%
Beside A Nightmare on Elm Street (original & remake) and A Nightmare on ELm Street 3: Dream Warriors, Nancy Thompson is the main protagonist in... A Nightmare on Elm Street 7: New Nightmare
34.7%
A Nightmare on Elm Street 4: The Dream Master
11.9%
A Nightmare on Elm Street 5: Dream Child
9.3%
Freddy vs. Jason
8.1%
What is the last Amityville movie, by now? (September, 2017) The Awakening
34.6%
Exorcism
4.6%
Vanishing Point
5.2%
Terror
3.5%
How the killer in Black Christmas calls his victims? Agnes
33.8%
Angela
11.1%
Mary
27.6%
Amy
8.2%
Who directed Suspiria and Inferno? Dario Argento
33.5%
George A. Romero
11.3%
Mario Bava
7.5%
Lucio Fulci
8.6%
Which movie made it into The Guinness Book of World Records for 'Top Budget: Box Office Ratio'? The Blair Witch Project
33.4%
Paranormal Activity
15.2%
Saw
9.7%
[REC]
2.5%
What is the name of Carrie's sequel? The Rage
33.4%
Carrie is Alive
3%
Carrie Returns
11.4%
New Generation
2.9%
Jennifer Hills from I Spit on Your Grave franchise is... Writer
32.7%
Actress
22.5%
Model
17%
Composer
4.6%
What is the name of android who destroyed Jason Voorhees in Jason X? Kay-Em
32.1%
Tsunaron
8.9%
Kinsa
12.6%
Brodski
10.2%
What is the only way to break the curse of Samara's tape in The Ring? to make a copy and show someone other
32%
to destroy the original tape
9.6%
to show someone other
12.4%
there's no way, you have to die
6.3%
What is the name of the cat who survived Alien? Jonesy
31.5%
Jinx
13.9%
Jingles
9%
Jasper
8.5%
Who is the main character in Re-Animator film series? Herbert West
31.2%
Dr. Carl Hill
16.6%
Dr. Daniel Challis
15.9%
Dan Cain
8.6%
In Stephen King's IT how did children originally defeat Pennywise? with silver earrings
31%
with holy water
9.2%
with crucifix
5.1%
with golden rings
8.9%
What is the name of the 5th movie in George Romero's Living Dead series Diary of the Dead
30.7%
Day of the Dead
16.5%
Land of the Dead
22.8%
Survival of the Dead
14.1%
Inasion of the Body Snatchers remake came out in... 1978
30.3%
1986
16.4%
2002
15.2%
2007
9.2%
How many Wrong Turn movies are there by now (September, 2017)? 6
30.1%
3
17%
5
25.5%
7
13.4%
'Get away from her, you bitch' is Sigourney Weaver's famous quote from... Aliens
29.4%
Alien
10.1%
Alien 3
4.1%
Alien Resurrection
4.1%
'Your luck just ran out' is one of the taglines for... Leprechaun
28.7%
Child's Play 2
3.2%
Child's Play 3
2%
Leprechaun 2
15.7%
Which part of Jeepers Creepers franchise will be released this year? (2017) 3rd
28.6%
2nd
1.8%
4th
12.3%
5th
7%
What is the name of zombie who shot Rhodes in Day of the Dead Bub
28.5%
John
6.2%
Greg
7.6%
Logan
10.8%
From the following character who dies in I Still Know What You Did Last Summer? Will Benson
27.2%
Julie James
14.6%
Ray Bronson
22.2%
Karla Wilson
14%
Which one of following horror movies is Canadian? Black Christmas
25.8%
House of Wax
8.8%
The Fog
7.5%
Suspiria
6.9%
What is the name of Freddy Krueger's mother? Amanda
25.6%
Loretta
12.3%
Pamela
9.3%
Katherine
10.7%
How many years did Angus Scrimm have when the last Phantasm movie (Ravager) was released? more than 89
25.5%
75
14.7%
81
13.7%
86
14.9%
In Scream 4, Ghostface asked horror knack, Kirby Reed, to name all of the... Remakes of the groundbreaking horror movies
24.9%
Sequels in Friday the 13th franchise
14%
Sequels in A Nightmare on Elm Street franchise
9.7%
Killers from Stab franchise
19.7%
Black Sabbath was directed by... Mario Bava
24.5%
Dario Argento
16.9%
John Carpenter
14.3%
George A. Romero
14.8%
Harry Warden is secondary antagonist from... My Bloody Valentine
23.6%
House of Wax
7.4%
When a Stranger Calls
8.1%
Prom Night
7.9%
Which movie from Halloween franchise has the lowest IMDb rating? Halloween: Resurrection
23.6%
Halloween 6: The Curse of Michael Myers
13.6%
Halloween 3: Season of the Witch
28.7%
Halloween 2 (Remake)
10.9%
Sarah Carter and Juno Kaplan are the characters from The Descent
23.3%
One Missed Call
6.3%
The Ring
6.3%
The Grudge
10.7%
What is the name of dog who killed cannibals Pluto and Mercury and survived all The Hills Have Eyes movies? Beast
23.1%
Striker
11.2%
Beauty
9.9%
Gypsy
13.8%
In which of following horror movies Bruce Campbell doesn't appear? Waxwork
22.7%
Maniac Cop
29.7%
Waxwork 2
16.8%
Evil Dead 2
8.1%
Janet Leigh, Jamie Lee Curtis and Tom Atkins together stars in which of following movies? The Fog
22.6%
Halloween H20: 20 Years Later
29.3%
Prom Night
11.7%
Halloween III: Season of the Witch
7.2%
Who portrayed two main protagonists in When a Stranger Calls and When a Stranger Calls Back? Carol Kane and Charles Durning
22%
Camilla Belle and Tommy Flanagan
14.1%
Katie Cassidy and Stephen Amell
12.7%
Olivia Hussey and Richard Thomas
10.1%
Who is the main antagonist in Maniac Cop franchise? Matt Cordell
20.8%
Daniel Robitaille
10%
Jack Forrest
18.3%
Frank McCroe
21.9%
What is the name of 3rd Pumpkinhead movie? Ashes to Ashes
20.6%
Blood Wings
11.7%
Blood Feud
13.6%
Dust to Dust
10.6%
Claire Spencer is character from... What Lies Beneath
20.1%
Let Me In
7.1%
Let the Right One In
7.4%
You're Next
12.1%
How old was Jason Voorhees when he drowned in Camp Crystal Lake? 11
20%
8
16.7%
9
12.3%
10
13.2%
What is the name of priest which appeared in the most Exorcist movies? Father Lankester Merrin
19.8%
Father Delaney
23.7%
Father Damien Karras
25.3%
Father David Bennett
11.1%
The Haunting remake was released in 1999
19.8%
2001
12.1%
1993
4.5%
2007
10.7%
At the beginning of A Nightmare on Elm Street 6: Freddy's Dead, Freddy appears masked like... The Wicked Witch of the West
19.5%
Jason Voorhees
19.2%
Frankenstein
5.3%
Michael Myers
8.5%
Who is the first Ghostface's victim? Maureen Prescott
19.1%
Casey Becker
26.8%
Steven Orth
7.4%
Cici Cooper
8.9%
Who is the main antagonist in The Grudge franchise? Kayako
18.9%
Samara
14.6%
Sadako
12.4%
Toshio
10.4%
What is the name of girl who was murdered in The Last House on the Left, and later her parents got revenge. Mari Collingwood
18.3%
Emma Potter
13.7%
Phyliss Stone
5.4%
Sadie Lincoln
15.4%
Who is the main protagonist in Piranha (1978)? Paul Grogan
17.7%
Chief Martin Brody
9.9%
Gerald 'Jerry' Danziger
17.9%
George Lutz
11.8%
Which character was portrayed by Tippi Hedren in The Birds? Melanie Daniels
17.4%
Elaine Parker
13.3%
Marion Crane
18%
Lydia Brenner
9.7%
In which movie we can see Freddy's glove, Leatherface's chainsaw, Chucky's doll, Michael's and Jason's masks? Bride of Chucky
17%
Freddy vs. Jason
11.2%
Halloween: Resurrection
5.6%
Jason Goes to Hell: The Final Friday
12.8%
How many Oscars did The Exorcist win? 2
16.8%
0
13.7%
1
9.6%
3
15.2%
According the events from She-Butterfly, how can vampire be destroyed? with hawthorn spear
15.6%
with crucifix
15.7%
burning it
13.2%
drowning it
3.2%
Which one of following villains doesn't appear in video game Terrordrome: Rise of the Boogeymen? Predator
15.1%
Michael Myers
6%
Matt Cordell
20.7%
Candyman
8%
What is the name of main antagonist in Carrie? Chris Hargensen
15%
Sue Snell
20.4%
Rita Desjardin
4.5%
Jodie Collins
12.3%
Which one of following characters didn't survive Dawn of the Dead (2004)? Michael
14.7%
Terry
12.7%
Nicole
7.8%
Dog Chips
16.3%
In which one of following movies Heather Langenkamp doesn't appear? A Nightmare on Elm Street 5: Dream Child
14.2%
Shocker
16.6%
Hellraiser: Judgment
15.6%
A Nightmare on Elm Street 3: Dream Warriors
4.3%
Which one of following final girls made an appereance as a little girl in Friday the 13th part VI: Jason Lives Nancy Thompson
14%
Sally Hardesty
10.4%
Laurie Strode
6.6%
Alice Hardy
17.1%
Which one of following movies did Randy mentioned in the first Scream movie? The Howling
13.8%
I Spit on Your Grave
10.1%
Amityville Horror
14%
Black Christmas
8.4%
Which one of following Elm Street characters is NOT a memeber of Dream Warriors? Alice Johnson
13.8%
Nancy Thompson
17%
Taryn White
12%
Will Stanton
12.7%
In how many Halloween movies does Dr. Samuel Loomis appear? (including 1 cameo and remakes) 8
12.4%
4
23.2%
7
10.7%
6
19.3%
According WatchMojo.com what is the best Saw trap? The Angel Trap
11.1%
The Cube
7.3%
Reverse Bear Trap
26.6%
The Needle Pit
9.6%
Remove Ads.
Support Sporcle.
Get the best of Sporcle when you Go Orange. This ad-free experience offers more features, more stats, and more fun while also helping to support Sporcle. Thank you for becoming a member.

You're not logged in!

Compare scores with friends on all Sporcle quizzes.
OR
Log In

Sporcle TV

Today on Sporcle TV


Watch our educational content, quiz creation guides, and fun videos on Sporcle TV.

Show Comments

Extras

Top Quizzes Today


Score Distribution

Paid Content

Your Account Isn't Verified!

In order to create a playlist on Sporcle, you need to verify the email address you used during registration. Go to your Sporcle Settings to finish the process.

Report this User

Report this user for behavior that violates our Community Guidelines.

Details: